000 00456nam a22001697a 4500
999 _c12940
_d12940
008 211228b ||||| |||| 00| 0 eng d
020 _cRs.140.00
041 0 _aeng
100 _91282
_aMuthuswamy, P.
245 1 0 _aMaster manual for DDOs, Part. 2 /
_cby P. Muthuswamy,
250 _a1st ed.
260 _aMadras :
_bSwamy Publications,
_c1993.
300 _axiv,488p.
365 _bINR 140.00
650 0 _aPublic Administration - India
942 _cBK